000
00340nam a22001457a 4500
008
221201b ||||| |||| 00| 0 eng d
020
_a
2901133945467
041
_a
eng
080
_2
NINTH EDITION
_a
159.9
082
_a
159.9 COR
100
_a
25
101
_a
PSI
245
_a
GROUPS PROCESS AND PRACTICE
_c
COREY S M
942
_2
udc
_c
BK
999
_c
59057
_d
59057